LEADER 01644nam 22005175 450 001 9910131730303321 005 20110117000000.0 035 $a(CKB)3460000000087709 035 $a(ItFiC)it 02448969 035 $a(SSID)ssj0000724813 035 $a(PQKBManifestationID)12292345 035 $a(PQKBTitleCode)TC0000724813 035 $a(PQKBWorkID)10729521 035 $a(PQKB)11438303 035 $a(EXLCZ)993460000000087709 100 $a20110322d2011 uy 0 101 0 $aita 181 $ctxt 182 $cc 183 $acr 200 00$aAldo Palazzeschi a Roma $eatti della giornata di studi : Casa di Goethe, Roma, 20 aprile 2009 /$fa cura di Gino Tellini 210 $aFirenze $cSocietā editrice fiorentina$d2011 215 $a235 p. $cill. (some col.) ;$d22 cm 225 0 $aBiblioteca Palazzeschi Aldo Palazzeschi a Roma 225 0$aBiblioteca Palazzeschi ;$v8 300 $aProceedings. 300 $aA. Palazzeschi (1885-1974). 300 $aRome (Lazio). 311 $a88-6032-147-6 320 $aIncludes bibliographical references. 517 $aAldo Palazzeschi a Roma 606 $aRomance Literatures$2HILCC 606 $aLanguages & Literatures$2HILCC 606 $aItalian Literature$2HILCC 607 $aRome (Italy)$xIn literature$vCongresses 615 7$aRomance Literatures 615 7$aLanguages & Literatures 615 7$aItalian Literature 676 $a853 701 $aTellini$b Gino$0152761 712 02$aCasa di Goethe 801 0$bItFiC 906 $aBOOK 912 $a9910131730303321 996 $aAldo Palazzeschi a Roma$92427089 997 $aUNINA LEADER 03947nam 22007335 450 001 9910863124003321 005 20251113180801.0 010 $a981-15-5693-8 024 7 $a10.1007/978-981-15-5693-7 035 $a(OCoLC)1193121916 035 $a(CKB)4100000011409332 035 $a(MiAaPQ)EBC6322027 035 $a(DE-He213)978-981-15-5693-7 035 $a(PPN)250212951 035 $a(MiAaPQ)EBC6321987 035 $a(EXLCZ)994100000011409332 100 $a20200829d2020 u| 0 101 0 $aeng 135 $aurcnu|||||||| 181 $ctxt$2rdacontent 182 $cc$2rdamedia 183 $acr$2rdacarrier 200 10$aAdvances in Rotor Dynamics, Control, and Structural Health Monitoring $eSelect Proceedings of ICOVP 2017 /$fedited by Subashisa Dutta, Esin Inan, Santosha Kumar Dwivedy 205 $a1st ed. 2020. 210 1$aSingapore :$cSpringer Nature Singapore :$cImprint: Springer,$d2020. 215 $a1 online resource (615 pages) 225 1 $aLecture Notes in Mechanical Engineering,$x2195-4364 311 08$a981-15-5692-X 327 $aEstimation of Inertial Parameters of a Rigid Rotor Having Dynamic Unbalance on Active Magnetic Bearing -- Sommerfeld effect characterization in anisotropic non-ideal rotor system -- A Study On Multicomponent Failure Interactions Within a Planetary Gearbox Of a Wind Turbine -- Thrust bearing influence on the stability analysis of turbocharger rotor bearing system -- Impact of Unsteady Aerodynamic Loads on A Large-Scale Horizontal Axis Wind Turbine Rotor in Axial Motion -- Simultaneous estimation of speed dependent parameters in a coupled turbo-generator system. 330 $aThis book consists of selected and peer-reviewed papers presented at the 13th International Conference on Vibration Problems (ICOVP 2017). The topics covered in this book are broadly related to the fields of structural health monitoring, vibration control and rotor dynamics. In the structural health monitoring section studies on nonlinear dynamic analysis, damage identification, viscoelastic model of concrete, and seismic damage assessment are thoroughly discussed with analytical and numerical techniques. The vibration control part includes topics such as multi-storeyed stacked tuned mass dampers, vibration isolation with elastomeric mounts, and nonlinear active vibration absorber. This book will be useful for beginners, researchers and professionals interested in the field of vibration control, structural health monitoring and rotor dynamics. . 410 0$aLecture Notes in Mechanical Engineering,$x2195-4364 606 $aMultibody systems 606 $aVibration 606 $aMechanics, Applied 606 $aAcoustical engineering 606 $aAerospace engineering 606 $aAstronautics 606 $aStatics 606 $aMultibody Systems and Mechanical Vibrations 606 $aEngineering Acoustics 606 $aAerospace Technology and Astronautics 606 $aMechanical Statics and Structures 615 0$aMultibody systems. 615 0$aVibration. 615 0$aMechanics, Applied. 615 0$aAcoustical engineering. 615 0$aAerospace engineering. 615 0$aAstronautics. 615 0$aStatics. 615 14$aMultibody Systems and Mechanical Vibrations. 615 24$aEngineering Acoustics. 615 24$aAerospace Technology and Astronautics. 615 24$aMechanical Statics and Structures. 676 $a620.3 702 $aDutta$b Subashisa$4edt$4http://id.loc.gov/vocabulary/relators/edt 702 $aInan$b Esin$4edt$4http://id.loc.gov/vocabulary/relators/edt 702 $aDwivedy$b Santosha Kumar$4edt$4http://id.loc.gov/vocabulary/relators/edt 801 0$bMiAaPQ 801 1$bMiAaPQ 801 2$bMiAaPQ 906 $aBOOK 912 $a9910863124003321 996 $aAdvances in Rotor Dynamics, Control, and Structural Health Monitoring$94167222 997 $aUNINA